[Event "Team men HL 2016"]
[Site "Sochi"]
[Date "2016.05.09"]
[Round "8.4"]
[White "Arslanov, Shamil"]
[Black "Palchun, Grigory"]
[Result "1-0"]
[WhiteElo "2398"]
[BlackElo "2320"]
[PlyCount "117"]
[EventDate "2016.??.??"]
[TimeControl "6000+1600"]
[WhiteClock "0:06:41"]
[BlackClock "0:19:36"]

1. d4 Nf6 2. c4 e6 3. g3 Bb4+ 4. Bd2 Qe7 5. Nf3 Bxd2+ 6. Qxd2 Nc6 7. Nc3 d5 8.
Bg2 dxc4 9. Ne5 Nxe5 10. dxe5 Nd7 11. Qd4 Qc5 12. Qxc5 Nxc5 13. Nb5 Kd8 14. Rc1
Bd7 15. Rxc4 Bxb5 16. Rxc5 c6 17. b3 Kc7 18. a4 Ba6 19. Kd2 Rad8+ 20. Ke3 Rd7
21. b4 Rhd8 22. Rhc1 Kb8 23. Rb1 Rd1 24. Rcc1 Rxc1 25. Rxc1 Rc8 26. f4 g6 27.
g4 Rc7 28. f5 exf5 29. gxf5 Re7 30. Kf4 Bxe2 31. f6 g5+ 32. Kf5 Re8 33. Bf1
Bxf1 34. Rxf1 Kc7 35. Re1 Kd7 36. Rd1+ Kc7 37. Re1 Kd7 38. Rd1+ Kc7 39. Rd4 b6
40. Re4 Kd7 41. Rd4+ Kc7 42. b5 c5 43. Rg4 h6 44. h4 Kd7 45. hxg5 hxg5 46. Rxg5
Rh8 {[#]} 47. e6+ fxe6+ 48. Ke5 Rh4 49. Rg7+ Ke8 50. Rxa7 c4 51. a5 c3 52. axb6
Rb4 53. Kxe6 Re4+ 54. Kf5 Rb4 {[#]} 55. Rc7 (55. b7 Rxb5+ 56. Kg6) 55... c2 56.
Rxc2 Rxb5+ 57. Kg6 Rxb6 58. Kg7 Rb7+ 59. Kg8 1-0

[Event "Team men HL 2016"]
[Site "Sochi"]
[Date "2016.05.09"]
[Round "8.5"]
[White "Chekhov, Sergei"]
[Black "Chigaev, Maksim"]
[Result "1/2-1/2"]
[LiveChessVersion "1.4.4"]
[BlackElo "2552"]
[WhiteElo "2465"]

1. e4 {[%clk 1:30:57]} e6 {[%clk 1:30:55]} 2. d4 {[%clk 1:31:22]} d5
{[%clk 1:31:20]} 3. Nc3 {[%clk 1:31:06]} Bb4 {[%clk 1:31:43]} 4. exd5
{[%clk 1:31:01]} exd5 {[%clk 1:32:06]} 5. Bd3 {[%clk 1:31:24]} c6
{[%clk 1:32:24]} 6. Nge2 {[%clk 1:31:16]} Ne7 {[%clk 1:32:46]} 7. a3
{[%clk 1:30:48]} Bd6 {[%clk 1:33:04]} 8. O-O {[%clk 1:29:26]} O-O
{[%clk 1:32:59]} 9. Bf4 {[%clk 1:29:20]} Bf5 {[%clk 1:31:12]} 10. Bxd6
{[%clk 1:26:18]} Qxd6 {[%clk 1:30:36]} 11. Ng3 {[%clk 1:26:38]} Bxd3
{[%clk 1:30:52]} 12. Qxd3 {[%clk 1:27:03]} Nd7 {[%clk 1:30:30]} 13. Rfe1
{[%clk 1:18:14]} Rfe8 {[%clk 1:30:43]} 14. Re3 {[%clk 1:13:35]} Ng6
{[%clk 1:24:47]} 15. Rae1 {[%clk 1:07:11]} Nf6 {[%clk 1:21:56]} 16. Rxe8+
{[%clk 0:57:20]} Rxe8 {[%clk 1:22:09]} 17. Rxe8+ {[%clk 0:57:46]} Nxe8
{[%clk 1:22:31]} 18. Qe3 {[%clk 0:56:24]} Qe6 {[%clk 1:22:01]} 19. b3
{[%clk 0:46:14]} Nd6 {[%clk 1:21:38]} 20. Qxe6 {[%clk 0:45:09]} fxe6
{[%clk 1:21:59]} 21. h3 {[%clk 0:40:16]} Kf7 {[%clk 1:21:35]} 22. Nge2
{[%clk 0:39:33]} h5 {[%clk 1:17:25]} 23. g4 {[%clk 0:22:15]} hxg4
{[%clk 1:17:22]} 24. hxg4 {[%clk 0:22:42]} e5 {[%clk 1:17:43]} 25. Kg2
{[%clk 0:22:19]} exd4 {[%clk 1:15:40]} 26. Nxd4 {[%clk 0:21:51]} Nf4+
{[%clk 1:13:18]} 27. Kf3 {[%clk 0:21:25]} g5 {[%clk 1:13:37]} 28. Nde2
{[%clk 0:18:53]} Ne6 {[%clk 1:09:26]} 29. Ke3 {[%clk 0:17:40]} Kf6
{[%clk 1:08:57]} 30. Nd1 {[%clk 0:14:52]} Nf7 {[%clk 1:04:28]} 31. f4
{[%clk 0:12:30]} gxf4+ {[%clk 1:03:11]} 32. Nxf4 {[%clk 0:12:58]} d4+
{[%clk 1:03:09]} 33. Kf3 {[%clk 0:13:20]} Nfg5+ {[%clk 1:03:01]} 34. Kg3
{[%clk 0:13:41]} Ne4+ {[%clk 1:03:18]} 35. Kf3 {[%clk 0:13:58]} N4g5+
{[%clk 1:01:47]} 36. Kg3 {[%clk 0:14:22]} Ne4+ {[%clk 1:02:03]} 37. Kf3
{[%clk 0:14:44]} N4g5+ {[%clk 1:02:24]} 1/2-1/2

[Event "Team men HL 2016"]
[Site "Sochi"]
[Date "2016.05.09"]
[Round "8.6"]
[White "Rozum, Ivan"]
[Black "Rodin, Dmitrij"]
[Result "1-0"]
[LiveChessVersion "1.4.4"]
[BlackElo "2363"]
[WhiteElo "2559"]

1. Nf3 {[%clk 1:30:55]} Nf6 {[%clk 1:30:54]} 2. c4 {[%clk 1:31:18]} e6
{[%clk 1:30:34]} 3. Nc3 {[%clk 1:31:40]} c5 {[%clk 1:28:30]} 4. e3
{[%clk 1:29:35]} Nc6 {[%clk 1:28:00]} 5. d4 {[%clk 1:29:47]} d5 {[%clk 1:26:45]}
6. cxd5 {[%clk 1:30:08]} exd5 {[%clk 1:26:55]} 7. Bb5 {[%clk 1:30:27]} Bd6
{[%clk 1:20:38]} 8. dxc5 {[%clk 1:30:45]} Bxc5 {[%clk 1:21:03]} 9. O-O
{[%clk 1:31:08]} O-O {[%clk 1:21:25]} 10. b3 {[%clk 1:31:20]} Bg4
{[%clk 1:15:34]} 11. Bb2 {[%clk 1:27:48]} Rc8 {[%clk 1:14:07]} 12. Rc1
{[%clk 1:28:05]} Bd6 {[%clk 1:12:33]} 13. Bxc6 {[%clk 1:26:01]} bxc6
{[%clk 1:12:02]} 14. Ne2 {[%clk 1:26:21]} Re8 {[%clk 1:04:18]} 15. Ng3
{[%clk 1:24:11]} Qe7 {[%clk 1:00:06]} 16. Qd3 {[%clk 1:19:46]} Bxf3
{[%clk 0:51:50]} 17. gxf3 {[%clk 1:17:22]} Be5 {[%clk 0:48:44]} 18. Bxe5
{[%clk 1:15:19]} Qxe5 {[%clk 0:49:13]} 19. Rc2 {[%clk 1:14:48]} Qe6
{[%clk 0:38:02]} 20. Rfc1 {[%clk 1:08:47]} Nd7 {[%clk 0:36:43]} 21. f4
{[%clk 1:08:03]} c5 {[%clk 0:34:45]} 22. Qf5 {[%clk 1:02:40]} g6 {[%clk 0:33:03]}
23. Qg5 {[%clk 0:58:07]} Kg7 {[%clk 0:25:57]} 24. Kh1 {[%clk 0:52:43]} h6
{[%clk 0:23:57]} 25. Qh4 {[%clk 0:52:51]} f5 {[%clk 0:18:57]} 26. Qh3
{[%clk 0:52:08]} c4 {[%clk 0:17:03]} 27. Qf1 {[%clk 0:50:33]} Nb6
{[%clk 0:17:09]} 28. Qd1 {[%clk 0:49:46]} Qf6 {[%clk 0:15:00]} 29. Ne2
{[%clk 0:47:13]} Rcd8 {[%clk 0:13:43]} 30. Qd2 {[%clk 0:43:28]} g5
{[%clk 0:12:23]} 31. Qa5 {[%clk 0:39:50]} Rd7 {[%clk 0:10:50]} 32. Qb5
{[%clk 0:40:09]} Ree7 {[%clk 0:08:16]} 33. a4 {[%clk 0:37:04]} Kh7
{[%clk 0:07:57]} 34. a5 {[%clk 0:35:00]} cxb3 {[%clk 0:08:20]} 35. Rc6 1-0

[Event "Team men HL 2016"]
[Site "Sochi"]
[Date "2016.05.09"]
[Round "8.7"]
[White "Zhurikhin, Alexander"]
[Black "Yevseev, Denis"]
[Result "1/2-1/2"]
[LiveChessVersion "1.4.4"]
[BlackElo "2526"]
[WhiteElo "2334"]

1. d4 {[%clk 1:30:57]} Nf6 {[%clk 1:29:18]} 2. Nf3 {[%clk 1:31:19]} g6
{[%clk 1:28:19]} 3. Bf4 {[%clk 1:28:13]} Bg7 {[%clk 1:28:13]} 4. e3
{[%clk 1:28:28]} O-O {[%clk 1:27:47]} 5. h3 {[%clk 1:28:20]} c5 {[%clk 1:25:12]}
6. c3 {[%clk 1:28:29]} d6 {[%clk 1:24:40]} 7. dxc5 {[%clk 1:20:19]} dxc5
{[%clk 1:25:03]} 8. Qxd8 {[%clk 1:20:44]} Rxd8 {[%clk 1:25:28]} 9. Bc7
{[%clk 1:20:51]} Rf8 {[%clk 1:19:29]} 10. Nbd2 {[%clk 1:19:53]} Nc6
{[%clk 1:16:05]} 11. Bc4 {[%clk 1:10:10]} b6 {[%clk 1:12:36]} 12. O-O
{[%clk 1:03:21]} Bb7 {[%clk 1:11:35]} 13. Rfd1 {[%clk 1:02:34]} Rac8
{[%clk 1:07:30]} 14. Bh2 {[%clk 1:02:37]} Na5 {[%clk 1:02:00]} 15. Be2
{[%clk 1:01:50]} Rfd8 {[%clk 0:56:23]} 16. Ne5 {[%clk 0:59:09]} Nd7
{[%clk 0:47:40]} 17. Nxd7 {[%clk 0:55:24]} Rxd7 {[%clk 0:46:39]} 18. Bb5
{[%clk 0:55:35]} Bc6 {[%clk 0:37:21]} 19. Bxc6 {[%clk 0:55:45]} Nxc6
{[%clk 0:37:41]} 20. Kf1 {[%clk 0:53:37]} Rcd8 {[%clk 0:30:41]} 21. Ke2
{[%clk 0:54:00]} Be5 {[%clk 0:27:50]} 22. Bg1 {[%clk 0:48:09]} Bc7
{[%clk 0:25:51]} 23. Nf3 {[%clk 0:47:13]} f6 {[%clk 0:24:08]} 24. Rxd7
{[%clk 0:47:15]} Rxd7 {[%clk 0:24:33]} 25. Rd1 {[%clk 0:47:42]} Rxd1
{[%clk 0:24:47]} 26. Kxd1 {[%clk 0:48:08]} Kf7 {[%clk 0:25:00]} 27. Ke2
{[%clk 0:46:48]} Ke6 {[%clk 0:24:55]} 28. Kd3 {[%clk 0:47:05]} b5
{[%clk 0:24:01]} 29. b3 {[%clk 0:47:22]} h5 {[%clk 0:23:09]} 30. e4
{[%clk 0:45:27]} g5 {[%clk 0:16:10]} 31. Ke2 {[%clk 0:40:09]} a6 {[%clk 0:14:34]}
32. Nd2 {[%clk 0:37:45]} Be5 {[%clk 0:07:39]} 33. Kd3 {[%clk 0:31:28]} Bd6
{[%clk 0:07:32]} 34. Ke2 {[%clk 0:31:40]} Be5 {[%clk 0:06:49]} 35. Kd3
{[%clk 0:32:02]} Bd6 {[%clk 0:07:11]} 36. Ke2 {[%clk 0:32:28]} Be5
{[%clk 0:05:47]} 1/2-1/2

[Event "Team men HL 2016"]
[Site "Sochi"]
[Date "2016.05.09"]
[Round "8.8"]
[White "Shubin, Kirill"]
[Black "Kostin, Alexey"]
[Result "1/2-1/2"]
[LiveChessVersion "1.4.4"]
[BlackElo "2288"]
[WhiteElo "2372"]

1. e4 {[%clk 1:30:58]} c5 {[%clk 1:30:50]} 2. Nf3 {[%clk 1:31:25]} e6
{[%clk 1:31:13]} 3. g3 {[%clk 1:31:51]} Nc6 {[%clk 1:30:04]} 4. Bg2
{[%clk 1:32:14]} Nf6 {[%clk 1:29:22]} 5. Qe2 {[%clk 1:31:56]} d6 {[%clk 1:28:46]}
6. O-O {[%clk 1:30:47]} Be7 {[%clk 1:28:14]} 7. c3 {[%clk 1:29:38]} O-O
{[%clk 1:26:41]} 8. d4 {[%clk 1:26:00]} cxd4 {[%clk 1:23:43]} 9. cxd4
{[%clk 1:25:12]} d5 {[%clk 1:23:12]} 10. e5 {[%clk 1:20:07]} Nd7 {[%clk 1:09:06]}
11. Nc3 {[%clk 1:16:22]} Nb6 {[%clk 1:06:46]} 12. h4 {[%clk 1:11:17]} Bd7
{[%clk 1:05:24]} 13. Bg5 {[%clk 1:09:13]} a6 {[%clk 1:05:13]} 14. Rad1
{[%clk 1:06:57]} Rc8 {[%clk 1:02:13]} 15. Bc1 {[%clk 1:06:06]} Nb4
{[%clk 0:57:46]} 16. a3 {[%clk 1:04:00]} Rxc3 {[%clk 0:56:11]} 17. bxc3
{[%clk 1:04:21]} Bb5 {[%clk 0:56:36]} 18. Qd2 {[%clk 1:04:42]} Nd3
{[%clk 0:53:51]} 19. Ng5 {[%clk 1:01:58]} Nxc1 {[%clk 0:53:01]} 20. Qxc1
{[%clk 1:02:26]} Bxf1 {[%clk 0:52:22]} 21. Bxf1 {[%clk 1:02:51]} Qc7
{[%clk 0:48:57]} 22. Qc2 {[%clk 0:56:56]} Bxg5 {[%clk 0:48:43]} 23. hxg5
{[%clk 0:57:19]} Rc8 {[%clk 0:48:47]} 24. Rb1 {[%clk 0:56:30]} Qd8
{[%clk 0:43:51]} 25. Qb3 {[%clk 0:56:33]} Rc6 {[%clk 0:43:56]} 26. a4
{[%clk 0:54:35]} g6 {[%clk 0:38:20]} 27. f4 {[%clk 0:52:06]} Kg7 {[%clk 0:34:21]}
28. Kh2 {[%clk 0:51:37]} h6 {[%clk 0:30:30]} 29. gxh6+ {[%clk 0:51:52]} Kxh6
{[%clk 0:30:55]} 30. Qb4 {[%clk 0:45:23]} Kg7 {[%clk 0:30:32]} 31. Kg1
{[%clk 0:42:45]} Nc8 {[%clk 0:29:47]} 32. a5 {[%clk 0:38:15]} b5 {[%clk 0:29:13]}
33. axb6 {[%clk 0:38:31]} Nxb6 {[%clk 0:22:46]} 34. Bxa6 {[%clk 0:33:45]} Nc4
{[%clk 0:20:18]} 35. Bxc4 {[%clk 0:33:57]} Rxc4 {[%clk 0:20:43]} 36. Qd6
{[%clk 0:34:19]} Qe8 {[%clk 0:17:04]} 37. Rb8 {[%clk 0:32:26]} Rc8
{[%clk 0:17:29]} 38. Rxc8 {[%clk 0:32:31]} Qxc8 {[%clk 0:17:53]} 39. Qc5
{[%clk 0:31:33]} Qa6 {[%clk 0:18:12]} 40. Kf2 {[%clk 1:01:35]} Qd3
{[%clk 0:48:27]} 41. Qb4 {[%clk 1:01:58]} 1/2-1/2

[Event "Team men HL 2016"]
[Site "Sochi"]
[Date "2016.05.09"]
[Round "8.9"]
[White "Tekeyev, Zaur"]
[Black "Ponkratov, Pavel"]
[Result "1/2-1/2"]
[LiveChessVersion "1.4.4"]
[BlackElo "2595"]
[WhiteElo "2350"]

1. e4 {[%clk 1:30:57]} g6 {[%clk 1:30:56]} 2. d4 {[%clk 1:31:09]} Bg7
{[%clk 1:31:22]} 3. Nf3 {[%clk 1:31:02]} d6 {[%clk 1:31:46]} 4. Bc4
{[%clk 1:31:28]} Nf6 {[%clk 1:31:34]} 5. Qe2 {[%clk 1:31:20]} Nc6
{[%clk 1:30:16]} 6. h3 {[%clk 1:20:18]} O-O {[%clk 1:25:49]} 7. O-O
{[%clk 1:19:34]} Nh5 {[%clk 1:24:18]} 8. e5 {[%clk 1:00:42]} dxe5
{[%clk 1:24:05]} 9. dxe5 {[%clk 1:00:39]} Nd4 {[%clk 1:24:30]} 10. Nxd4
{[%clk 0:59:20]} Qxd4 {[%clk 1:24:52]} 11. Re1 {[%clk 0:58:49]} Ng3
{[%clk 1:06:29]} 12. Qd3 {[%clk 0:56:02]} Nf5 {[%clk 1:06:48]} 13. c3
{[%clk 0:51:18]} Qxd3 {[%clk 1:06:10]} 14. Bxd3 {[%clk 0:51:46]} Rd8
{[%clk 1:06:34]} 15. Bc2 {[%clk 0:48:45]} Be6 {[%clk 1:06:45]} 16. Kh2
{[%clk 0:37:24]} Bd5 {[%clk 1:02:46]} 17. Nd2 {[%clk 0:19:10]} Rd7
{[%clk 0:55:19]} 18. f4 {[%clk 0:18:00]} f6 {[%clk 0:55:21]} 19. g4
{[%clk 0:10:55]} Nh4 {[%clk 0:45:03]} 20. Kg3 {[%clk 0:07:52]} Ng2
{[%clk 0:28:21]} 21. Re2 {[%clk 0:08:09]} fxe5 {[%clk 0:28:46]} 22. Rxg2
{[%clk 0:08:03]} exf4+ {[%clk 0:28:57]} 23. Kf2 {[%clk 0:08:29]} Bxg2
{[%clk 0:27:54]} 24. Kxg2 {[%clk 0:08:57]} b6 {[%clk 0:26:59]} 25. Ne4
{[%clk 0:08:57]} e5 {[%clk 0:25:12]} 26. Bd2 {[%clk 0:09:04]} h6 {[%clk 0:25:02]}
27. h4 {[%clk 0:08:47]} Rf8 {[%clk 0:25:14]} 28. Rf1 {[%clk 0:07:43]} Bf6
{[%clk 0:25:21]} 29. Be1 {[%clk 0:07:41]} Be7 {[%clk 0:25:35]} 30. Kf3
{[%clk 0:07:19]} Kf7 {[%clk 0:25:37]} 31. Rh1 {[%clk 0:05:37]} a5
{[%clk 0:23:35]} 32. Bf2 {[%clk 0:04:13]} Kg7 {[%clk 0:23:35]} 33. Ke2
{[%clk 0:02:30]} Rdd8 {[%clk 0:23:12]} 34. Rh3 {[%clk 0:02:21]} g5
{[%clk 0:22:58]} 35. h5 {[%clk 0:01:01]} Rd7 {[%clk 0:22:50]} 36. Ba4
{[%clk 0:01:10]} Rdd8 {[%clk 0:23:13]} 37. Bc6 {[%clk 0:00:41]} Kf7
{[%clk 0:23:37]} 38. c4 {[%clk 0:00:57]} Ke6 {[%clk 0:22:50]} 39. Rf3
{[%clk 0:00:53]} Rb8 {[%clk 0:21:54]} 40. Rd3 {[%clk 0:31:01]} Rfd8
{[%clk 0:50:52]} 41. Rb3 {[%clk 0:25:07]} Rf8 {[%clk 0:49:04]} 42. a3
{[%clk 0:23:37]} Rfd8 {[%clk 0:49:24]} 43. Rb5 {[%clk 0:20:41]} Bf8
{[%clk 0:47:37]} 44. Be1 {[%clk 0:19:17]} Bg7 {[%clk 0:46:44]} 45. Bc3
{[%clk 0:19:14]} Bh8 {[%clk 0:46:36]} 46. Rb3 {[%clk 0:13:20]} Bg7
{[%clk 0:46:52]} 47. Be1 {[%clk 0:13:04]} Bf8 {[%clk 0:47:11]} 48. Rf3
{[%clk 0:08:01]} Be7 {[%clk 0:45:04]} 49. Bc3 {[%clk 0:08:14]} Bf8
{[%clk 0:43:20]} 50. b4 {[%clk 0:08:20]} axb4 {[%clk 0:38:52]} 51. axb4
{[%clk 0:08:50]} Ra8 {[%clk 0:38:54]} 52. Bxa8 {[%clk 0:08:05]} Rxa8
{[%clk 0:39:20]} 53. Rd3 {[%clk 0:08:20]} Bd6 {[%clk 0:38:43]} 54. Rd2
{[%clk 0:02:55]} Ra4 {[%clk 0:39:06]} 55. Rb2 {[%clk 0:03:07]} Ra1
{[%clk 0:39:19]} 56. Be1 {[%clk 0:01:08]} Ra3 {[%clk 0:39:29]} 57. Bf2
{[%clk 0:01:10]} Be7 {[%clk 0:39:36]} 58. Kd2 {[%clk 0:00:49]} b5
{[%clk 0:39:34]} 59. cxb5 {[%clk 0:00:37]} Kd5 {[%clk 0:40:00]} 60. Nc5
{[%clk 0:00:34]} e4 {[%clk 0:40:19]} 61. Ke2 {[%clk 0:00:37]} f3+
{[%clk 0:39:44]} 62. Kd2 {[%clk 0:00:54]} Bd6 {[%clk 0:40:05]} 63. Be3
{[%clk 0:00:34]} Be5 {[%clk 0:39:13]} 64. Rc2 {[%clk 0:00:43]} Bf4
{[%clk 0:38:52]} 65. Bxf4 {[%clk 0:00:55]} gxf4 {[%clk 0:39:16]} 66. Nxe4
{[%clk 0:00:55]} Kxe4 {[%clk 0:38:54]} 67. Rc4+ {[%clk 0:01:20]} Ke5
{[%clk 0:38:41]} 68. Ke1 {[%clk 0:01:27]} Ra2 {[%clk 0:37:04]} 69. Rxc7
{[%clk 0:00:45]} Kd4 {[%clk 0:36:55]} 70. b6 {[%clk 0:00:40]} Rb2
{[%clk 0:37:18]} 71. b7 {[%clk 0:00:43]} Rxb4 {[%clk 0:36:54]} 72. Kf2
{[%clk 0:01:12]} Rb3 {[%clk 0:37:18]} 73. Re7 {[%clk 0:00:40]} Kd5
{[%clk 0:37:43]} 74. Rh7 {[%clk 0:00:38]} Ke4 {[%clk 0:38:03]} 75. Re7+
{[%clk 0:01:07]} Kd5 {[%clk 0:38:26]} 76. b8=Q {[%clk 0:00:49]} Rxb8
{[%clk 0:38:49]} 77. Kxf3 {[%clk 0:01:15]} Rf8 {[%clk 0:37:14]} 78. Ra7
{[%clk 0:00:36]} Rf6 {[%clk 0:37:34]} 79. Ra5+ {[%clk 0:00:56]} Ke6
{[%clk 0:37:56]} 80. Ra6+ {[%clk 0:00:42]} Kf7 {[%clk 0:38:21]} 81. Rxf6+
{[%clk 0:01:07]} Kxf6 {[%clk 0:38:48]} 82. Kxf4 {[%clk 0:01:29]} Ke6
{[%clk 0:39:16]} 83. g5 {[%clk 0:01:32]} 1/2-1/2

[Event "Team men HL 2016"]
[Site "Sochi"]
[Date "2016.05.09"]
[Round "8.10"]
[White "Volkov, Sergey"]
[Black "Bykov, Egor"]
[Result "1-0"]
[LiveChessVersion "1.4.4"]
[BlackElo "2330"]
[WhiteElo "2611"]

1. d4 {[%clk 1:30:55]} d5 {[%clk 1:30:55]} 2. c4 {[%clk 1:31:19]} c6
{[%clk 1:31:19]} 3. Nc3 {[%clk 1:31:43]} Nf6 {[%clk 1:31:44]} 4. e3
{[%clk 1:32:07]} g6 {[%clk 1:32:05]} 5. Nf3 {[%clk 1:32:30]} Bg7 {[%clk 1:32:29]}
6. Bd3 {[%clk 1:32:49]} O-O {[%clk 1:32:46]} 7. O-O {[%clk 1:33:12]} Bg4
{[%clk 1:33:10]} 8. h3 {[%clk 1:33:28]} Bxf3 9. Qxf3 {[%clk 1:33:51]} e6
{[%clk 1:33:48]} 10. Rd1 {[%clk 1:33:29]} Nbd7 {[%clk 1:34:07]} 11. b3
{[%clk 1:33:47]} a5 {[%clk 1:34:04]} 12. Bd2 {[%clk 1:32:22]} Qb8
{[%clk 1:31:53]} 13. Be1 {[%clk 1:31:51]} Ne8 {[%clk 1:31:06]} 14. g4
{[%clk 1:27:53]} f5 {[%clk 1:18:36]} 15. g5 {[%clk 1:24:01]} h6 {[%clk 1:09:30]}
16. h4 {[%clk 1:23:30]} hxg5 {[%clk 1:02:13]} 17. hxg5 {[%clk 1:23:43]} Nd6
{[%clk 1:01:56]} 18. Qg2 {[%clk 1:22:35]} Ne4 {[%clk 0:53:54]} 19. f3
{[%clk 1:11:39]} Nxc3 {[%clk 0:54:03]} 20. Bxc3 {[%clk 1:12:06]} Rf7
{[%clk 0:46:42]} 21. Rac1 {[%clk 1:11:05]} Bf8 {[%clk 0:41:34]} 22. e4
{[%clk 1:09:22]} fxe4 {[%clk 0:21:05]} 23. fxe4 {[%clk 1:09:06]} Nc5
{[%clk 0:19:29]} 24. e5 {[%clk 1:07:15]} Nxd3 {[%clk 0:19:30]} 25. Rxd3
{[%clk 1:07:40]} Be7 {[%clk 0:16:49]} 26. Rf1 {[%clk 1:05:25]} Rxf1+
{[%clk 0:13:44]} 27. Qxf1 {[%clk 1:05:01]} Qe8 {[%clk 0:12:28]} 28. Bd2
{[%clk 0:59:18]} a4 {[%clk 0:12:05]} 29. Qh3 {[%clk 0:59:15]} Bd8
{[%clk 0:10:12]} 30. c5 {[%clk 0:57:56]} b6 {[%clk 0:06:45]} 31. Qh4
{[%clk 0:52:39]} Qf7 {[%clk 0:04:29]} 32. Rh3 {[%clk 0:52:47]} Qg7
{[%clk 0:04:50]} 33. Qg4 {[%clk 0:52:56]} Kf7 {[%clk 0:01:29]} 34. cxb6
{[%clk 0:47:51]} axb3 {[%clk 0:00:46]} 35. b7 {[%clk 0:45:44]} Rb8
{[%clk 0:00:45]} 36. Rxb3 {[%clk 0:45:57]} c5 {[%clk 0:00:32]} 37. dxc5
{[%clk 0:42:05]} Bc7 {[%clk 0:00:33]} 38. Rf3+ {[%clk 0:41:49]} Ke7
{[%clk 0:00:57]} 39. Rf6 {[%clk 0:42:05]} Qg8 {[%clk 0:01:07]} 40. c6
{[%clk 1:11:52]} Bxe5 {[%clk 0:30:32]} 41. Bb4+ {[%clk 1:11:14]} Bd6
{[%clk 0:30:57]} 42. Qf4 {[%clk 1:09:29]} 1-0

[Event "Team men HL 2016"]
[Site "Sochi"]
[Date "2016.05.09"]
[Round "8.11"]
[White "Nechaev, Oleg"]
[Black "Tregubov, Pavel V."]
[Result "1/2-1/2"]
[LiveChessVersion "1.4.4"]
[BlackElo "2593"]
[WhiteElo "2343"]

1. d4 {[%clk 1:30:52]} Nf6 {[%clk 1:30:54]} 2. Bg5 {[%clk 1:31:12]} d5
{[%clk 1:29:50]} 3. e3 {[%clk 1:31:26]} g6 {[%clk 1:30:04]} 4. Bxf6
{[%clk 1:31:36]} exf6 {[%clk 1:30:30]} 5. c4 {[%clk 1:30:57]} dxc4
{[%clk 1:30:08]} 6. Bxc4 {[%clk 1:31:16]} Bd6 {[%clk 1:29:48]} 7. Nc3
{[%clk 1:30:39]} c6 {[%clk 1:28:40]} 8. Nf3 {[%clk 1:18:45]} O-O {[%clk 1:28:06]}
9. O-O {[%clk 1:18:26]} f5 {[%clk 1:21:29]} 10. Qc2 {[%clk 1:14:54]} Nd7
{[%clk 1:21:08]} 11. Rfd1 {[%clk 1:12:55]} Nf6 {[%clk 1:19:51]} 12. a4
{[%clk 1:03:43]} Qe7 {[%clk 1:15:57]} 13. a5 {[%clk 0:56:40]} Bd7
{[%clk 1:09:42]} 14. d5 {[%clk 0:52:44]} c5 {[%clk 0:50:48]} 15. a6
{[%clk 0:50:40]} b6 {[%clk 0:46:04]} 16. Bb5 {[%clk 0:50:36]} Rad8
{[%clk 0:45:39]} 17. Bxd7 {[%clk 0:41:33]} Rxd7 {[%clk 0:45:33]} 18. Qa4
{[%clk 0:41:48]} Rfd8 {[%clk 0:39:57]} 19. Rd3 {[%clk 0:27:53]} Bb8
{[%clk 0:23:52]} 20. Rad1 {[%clk 0:27:13]} Ne4 {[%clk 0:21:41]} 21. Nb5
{[%clk 0:25:40]} Nd6 {[%clk 0:19:49]} 22. Nxd6 {[%clk 0:25:18]} Rxd6
{[%clk 0:19:45]} 23. Qc4 {[%clk 0:23:47]} Qe8 {[%clk 0:16:25]} 24. h4
{[%clk 0:09:23]} Rc8 {[%clk 0:15:30]} 25. Rb3 {[%clk 0:09:05]} Qe4
{[%clk 0:14:27]} 26. Qxe4 {[%clk 0:08:32]} fxe4 {[%clk 0:14:53]} 27. Ng5
{[%clk 0:08:56]} f5 {[%clk 0:10:56]} 28. f3 {[%clk 0:05:53]} h6 {[%clk 0:10:54]}
29. Ne6 {[%clk 0:05:58]} Re8 {[%clk 0:11:06]} 30. Nf4 {[%clk 0:06:15]} Kf7
{[%clk 0:10:26]} 31. Kf2 {[%clk 0:03:47]} Re5 {[%clk 0:06:49]} 32. Ke2
{[%clk 0:03:42]} g5 {[%clk 0:03:25]} 33. hxg5 {[%clk 0:04:06]} hxg5
{[%clk 0:03:51]} 34. Ne6 {[%clk 0:04:23]} exf3+ {[%clk 0:03:19]} 35. gxf3
{[%clk 0:04:23]} Rexd5 {[%clk 0:03:13]} 36. Nxg5+ {[%clk 0:04:29]} Kf6
{[%clk 0:02:58]} 37. Rxd5 {[%clk 0:04:50]} Rxd5 {[%clk 0:03:24]} 38. f4
{[%clk 0:04:22]} c4 {[%clk 0:01:21]} 39. Rc3 {[%clk 0:04:39]} Rc5
{[%clk 0:00:52]} 40. Nf3 {[%clk 0:31:56]} Bd6 {[%clk 0:30:55]} 41. Nd2
{[%clk 0:31:35]} b5 {[%clk 0:30:47]} 42. b3 {[%clk 0:31:45]} Rc6 {[%clk 0:30:04]}
43. bxc4 {[%clk 0:29:16]} Bb4 {[%clk 0:17:36]} 44. Rc1 {[%clk 0:25:45]} Rxa6
{[%clk 0:11:51]} 45. cxb5 {[%clk 0:23:48]} Ra2 {[%clk 0:10:44]} 46. Rd1
{[%clk 0:24:01]} Rb2 {[%clk 0:08:20]} 47. Kd3 {[%clk 0:23:18]} Bxd2
{[%clk 0:08:09]} 48. Rxd2 {[%clk 0:23:42]} Rxb5 {[%clk 0:08:37]} 49. Ra2
{[%clk 0:24:01]} a5 {[%clk 0:09:02]} 50. Kc4 {[%clk 0:23:23]} Rb4+
{[%clk 0:09:26]} 51. Kc3 {[%clk 0:22:45]} Re4 {[%clk 0:09:47]} 52. Rxa5
{[%clk 0:22:55]} Rxe3+ {[%clk 0:10:13]} 53. Kd2 {[%clk 0:23:18]} Re4
{[%clk 0:10:40]} 54. Ra6+ {[%clk 0:23:42]} Kg7 {[%clk 0:11:05]} 55. Kd3
{[%clk 0:23:59]} Rxf4 {[%clk 0:11:27]} 56. Ke3 {[%clk 0:24:23]} Re4+
{[%clk 0:11:07]} 1/2-1/2

[Event "Team men HL 2016"]
[Site "Sochi"]
[Date "2016.05.09"]
[Round "8.12"]
[White "Shariyazdanov, Andrey"]
[Black "Rozhko, Dmitry"]
[Result "1-0"]
[LiveChessVersion "1.4.4"]
[BlackElo "2298"]
[WhiteElo "2527"]

1. Nf3 {[%clk 1:30:53]} d5 {[%clk 1:30:53]} 2. e3 {[%clk 1:31:16]} Nf6
{[%clk 1:31:12]} 3. c4 {[%clk 1:31:41]} c6 {[%clk 1:31:33]} 4. Nc3
{[%clk 1:31:56]} g6 {[%clk 1:31:07]} 5. d4 {[%clk 1:32:12]} Bg7 {[%clk 1:31:33]}
6. h3 {[%clk 1:32:36]} O-O {[%clk 1:31:56]} 7. Bd3 {[%clk 1:33:00]} c5
{[%clk 1:31:53]} 8. O-O {[%clk 1:33:08]} cxd4 {[%clk 1:31:32]} 9. exd4
{[%clk 1:33:33]} Nc6 {[%clk 1:31:47]} 10. a3 {[%clk 1:33:53]} dxc4
{[%clk 1:24:09]} 11. Bxc4 {[%clk 1:33:26]} Ne8 {[%clk 1:24:29]} 12. d5
{[%clk 1:29:36]} Nd6 {[%clk 1:20:55]} 13. Bd3 {[%clk 1:19:41]} Ne5
{[%clk 1:18:02]} 14. Nxe5 {[%clk 1:19:29]} Bxe5 {[%clk 1:18:29]} 15. Bg5
{[%clk 1:19:37]} Bf5 {[%clk 1:13:57]} 16. Re1 {[%clk 1:18:53]} f6
{[%clk 1:11:50]} 17. Be3 {[%clk 1:08:15]} Rc8 {[%clk 1:07:21]} 18. Rc1
{[%clk 0:56:16]} Bxd3 {[%clk 1:04:16]} 19. Qxd3 {[%clk 0:56:42]} Nc4
{[%clk 1:03:40]} 20. Bh6 {[%clk 0:46:00]} Re8 {[%clk 0:59:40]} 21. Nb5
{[%clk 0:41:24]} Nd6 {[%clk 0:50:57]} 22. Be3 {[%clk 0:37:47]} Bxb2
{[%clk 0:40:06]} 23. Rxc8 {[%clk 0:32:50]} Qxc8 {[%clk 0:35:23]} 24. Nxd6
{[%clk 0:32:59]} exd6 {[%clk 0:35:49]} 25. Rb1 {[%clk 0:33:23]} Be5
{[%clk 0:28:30]} 26. Bxa7 {[%clk 0:33:36]} Qa8 {[%clk 0:25:42]} 27. Be3
{[%clk 0:31:37]} Rc8 {[%clk 0:14:41]} 28. Qb5 {[%clk 0:30:31]} Rc7
{[%clk 0:13:16]} 29. f4 {[%clk 0:24:21]} Bc3 {[%clk 0:12:38]} 30. Kh2
{[%clk 0:18:06]} f5 {[%clk 0:08:19]} 31. Rc1 {[%clk 0:14:30]} Kf7
{[%clk 0:02:12]} 32. Rxc3 {[%clk 0:12:25]} Rxc3 {[%clk 0:02:38]} 33. Qd7+
{[%clk 0:12:49]} Kf8 {[%clk 0:02:41]} 34. Qxd6+ {[%clk 0:12:14]} 1-0